Emílio e os detectives (Registo nº 2030)

Detalhes MARC
000 -Etiqueta do registo
Cabeçalho 01009nam a22003131 4500
005 - Identificador da versão
Campo de controlo 20240813121923.0
095 ## -
-- PTBN00042041
021 ## - Número do Depósito Legal
Código do país PT
Número 6876/84
100 ## - Dados gerais de processamento
Dados gerais de processamento 19940930d1985 de y0pory5003 ba
102 ## - Pais de publicação ou produção
País de publicação Portugal
101 1# - Língua de publicação
Língua do texto, banda sonora, etc. Português
Língua do documento no original Alemão
106 ## - Campo de dados codificados: material textual
Dados codificados do material textual r
105 ## - Campo de dados codificados: livros
Dados codificados dos livros a z 000ay
215 ## - Descrição física 
Indicação específica da natureza do documento e extensão da espécie 195, [2] p.
Outras indicações físicas il.
Dimensões 21 cm
200 1# - Titulo e menção de responsabilidade
Título próprio Emílio e os detectives
Primeira menção de responsabilidade Erich Kastner
Outras menções de responsabilidade trad. Virgínia de Castro e Almeida
-- il. Walter Trier
225 2# - Colecção 
Título próprio da colecção Arlequim
Nome de uma parte ou secção dos 9 aos 12 anos
210 ## - Publicação, Distribuição, etc. 
Lugar da edição, distribuição, etc. Lisboa
Nome do editor, distribuidor, etc. Círculo de Leitores
Data da publicação, distribuição, etc. imp. 1985
304 ## - Notas relativas a título e menção de responsabilidade 
Texto da nota Tít. orig.: Emil und die detektive
606 ## - Nome comum usado como assunto
Número de registo de entrada de autoridade 0000559
Palavra de ordem Literatura estrangeira infantil
Subdivisão de assunto Romance de aventuras
675 ## - Classificação Decimal Universal (CDU)
Notação 82-311.3
Edição
Língua da edição por
702 #1 - Nome de autor-pessoa física (responsabilidade secundária)
Número de registo de entrada de autoridade 0000738
Palavra de ordem Almeida
Outra parte do nome não tomada para palavra de ordem Virgínia de Castro e
Datas 1874-1945
Código de função Tradutor
Número de registo de entrada de autoridade 0000739
Palavra de ordem Trier
Outra parte do nome não tomada para palavra de ordem Walter
Datas 1890-?
Código de função Ilustrador / Técnico de desenho computorizado
700 #1 - Nome de autor-pessoa física (responsabilidade principal)
Número de registo de entrada de autoridade 0000737
Palavra de ordem Kastner
Outra parte do nome não tomada para palavra de ordem Erich
Datas 1899-1974
942 ## - Elementos de entrada adicionados (Koha)
Tipo de item no Koha Livro
Exemplares
Situação do levantamento Origin of item (home branch) (coded) Biblioteca de empréstimo Código de barras Cota Circulation type (not for loan) Tipo de documento Nota do exemplar Damaged status
  Biblioteca Escolar da Coca Maravilhas Biblioteca Escolar da Coca Maravilhas BECM2589/94 8EST KAS   Livro Sem mensagem